Top 5 Songs On Late Registration (Kanye West) - Statistics

General Stats
  • This quiz has been taken 211 times
  • The average score is 4 of 5
Answer Stats
Hint Answer % Correct
875,681,392 Gold Digger
95%
251,997,692 Touch The Sky
86%
107,698,074 Heard 'Em Say
73%
84,449,030 Hey Mama
71%
63,401,080 Drive Slow
57%
No matching quizzes found
Score Distribution
Percent of People with Each Score
Percentile by Number Answered
Your Score History
You have not taken this quiz